IEEE Transactions on Very Large Scale Integration Systems (2004 - (Record no. 247430)

MARC details
000 -LEADER
fixed length control field 00328nam a2200109Ia 4500
008 - FIXED-LENGTH DATA ELEMENTS--GENERAL INFORMATION
fixed length control field 240126s9999 xx 000 0 und d
041 ## - LANGUAGE CODE
Language code of text/sound track or separate title English
245 #0 - TITLE STATEMENT
Title IEEE Transactions on Very Large Scale Integration Systems (2004 -
440 ## - SERIES STATEMENT/ADDED ENTRY--TITLE
Title NULL
650 ## - SUBJECT ADDED ENTRY--TOPICAL TERM
Topical term or geographic name entry element IEEE,Tranasactions,Very,Large,Scale,Integration,Systems
942 ## - ADDED ENTRY ELEMENTS (KOHA)
Koha item type Journals
Holdings
Date last seen Total checkouts Accession number Volume/Issue Number Price effective from Category Lost status Damaged status Withdrawn status Home library Current library Shelving location Entry date Vendor Billdate Currency symbol Conversion rate Discount Old discount
26/01/2024   JN7282 12(2)(Feb, 2004) 26/01/2024 Journals       Central Library Central Library Central Library   Informatics (India) Limited 23/08/2010 RS 1    

© For any Suggestions or Query, please contact the library staff @ librarian@pes.edu or Phone: +9180 2672 1983/ 2108.